000 00831nam a22002057a 4500
999 _c163491
_d163491
005 20190423110725.0
010 _aB-728113
020 _a9788131253953
_c1495.00
035 _aB-728113
037 _bAksharesh Enterprises
082 _a340
100 _aRashid, M A
245 _aThe ultimate guide to the judicial services examination:
_bfor all states /
_cby M A Rashid
250 _a6th ed.
260 _aGurgaon, Haryana
_bLexis Nexis
_c2018
270 _a14th Floor, Building No. 10, Tower-B, DLF Cyber City, Phase II
_bGurgaon(Haryana)
_e122002
300 _axxiii, 1866p.
_c24cm(Pbk)
942 _2ddc
_cEN
_h340
_mRAS